Beyond the bottom line
Gardado en:
| Autor Principal: | |
|---|---|
| Formato: | Libro |
| Idioma: | Undetermined |
| Publicado: |
New York
Macmillan Publishing Co., Inc.
1979
|
| Những chủ đề: | |
| Các nhãn: |
Engadir etiqueta
Sen Etiquetas, Sexa o primeiro en etiquetar este rexistro!
|
| Thư viện lưu trữ: | Trung tâm Học liệu Trường Đại học Cần Thơ |
|---|
| LEADER | 00457nam a2200169Ia 4500 | ||
|---|---|---|---|
| 001 | CTU_78036 | ||
| 008 | 210402s9999 xx 000 0 und d | ||
| 082 | |a 658.4 | ||
| 082 | |b B877 | ||
| 100 | |a Brown, Courtney C. | ||
| 245 | 0 | |a Beyond the bottom line | |
| 245 | 0 | |c Courtney C. Brown | |
| 260 | |a New York | ||
| 260 | |b Macmillan Publishing Co., Inc. | ||
| 260 | |c 1979 | ||
| 650 | |a Corporations | ||
| 980 | |a Trung tâm Học liệu Trường Đại học Cần Thơ | ||